000 01063nam a22002537a 4500
001 81912
003 BD-RjUL
005 20230917154947.0
008 230912s2020 bg a|||| m||| 00| 0 eng d
035 _a(BD-RjUL)81912
040 _aBD-RjUL
_beng
_cBD-RjUL
_dBD-RjUL
041 _aeng
082 _223
_a616.123
_bHAA 2020
100 _aHasan, Muhammad. Mahmudul
_98962
245 1 0 _aAssociation of hba1c level with the severity of coronary artery disease in non dibetic patient. /
_cBy Muhammad Mahmudul Hasan ;
_6Supervisor : Niranjan, Kumar Sana, Co-Supervisor : Mir, Jamal Uddin
260 _aRajshahi :
_bInstitute of Biological Sciences (IBSc.), University of Rajshahi,
_c2020
300 _axiv, 89 leaves :
_bill, ;
_c29.cm.
502 _aThesis (Ph. D.) -- Institute of Biological Sciences, (I B Sc.) University of Rajshahi, 2020
504 _aBibliography : Leaves 60 - 70
650 _aCoronary diseases
_vDiseases
_98963
700 _aSana, Niranjan, Kumar, Supervisor
_98964
700 _aUddin, Mir, Jamal, Co-Supervisor
_97196
942 _2ddc
_cTHE
999 _c81912
_d81912